00686 a2200193 4500003000500000005001700005020001500022040000900037082001200046100002400058245004700082260003700129300000900166505013400175650002200309942002100331999001900352952012100371Nust20221125115901.0 a0861014952 cNust a520,BRI aJones,Brian9103598 aDiscovery guide Night Sky / cBrian. Jones aNew YorkbSalamander Bookc1990. a59:p aIntroduction (Page-6), The Solar Systems (Page-10), The Stars (Page-34), Other Deep Sky Objects (Page-46), Star Charts (Page-54). aNight Sky9103599 2ddccBKk520,BRI c181362d181362 00102ddc4070aMCSbMCScGENd2016-12-12o520,BRIpMCS2045r2016-12-08w2016-12-12yBKzAlmirah No. 15 Shelf No. 1